[Event "Hamar CC-ch A"]
[Site "Hamar"]
[Date "2019.03.21"]
[Round "4"]
[White "Brobakken, Jorgen"]
[Black "Madagov, Lom"]
[Result "0-1"]
[WhiteElo "1554"]
[BlackElo "2023"]
[PlyCount "56"]
[EventDate "2019.02.21"]
[EventType "swiss"]
[EventRounds "9"]
[EventCountry "NOR"]
[SourceTitle "EXT 2024"]
[Source "ChessBase"]
[SourceDate "2023.10.10"]
[SourceVersion "1"]
[SourceVersionDate "2023.10.10"]
[SourceQuality "1"]

1. d4 Nf6 2. Nf3 g6 3. g3 Bg7 4. Bg2 0-0 5. 0-0 d6 6. e3 Nc6 7. c4 Rb8 8. Nc3 a6 9. b3 b5 10. cxb5 axb5 11. Bb2 b4 12. Ne2 Ba6 13. Qc2 Rb6 14. Rfc1 Bxe2 15. Qxe2 Qd7 16. Rc2 Ra8 17. Bc1 Ne4 18. Bd2 Ra7 19. Rac1 f5 20. Ng5 d5 21. Nxe4 fxe4 22. f3 exf3 23. Qxf3 e6 24. Bh3 Nd8 25. Qf4 c6 26. Rf1 e5 27. Bxd7 exf4 28. Rxf4 Rxd7 0-1

[Event "Hamar CC-ch A"]
[Site "Hamar"]
[Date "2019.02.21"]
[Round "1"]
[White "Madagov, Lom"]
[Black "Orsleie, Sivert Nikolai"]
[Result "1-0"]
[WhiteElo "2023"]
[BlackElo "1392"]
[PlyCount "23"]
[EventDate "2019.02.21"]
[EventType "swiss"]
[EventRounds "9"]
[EventCountry "NOR"]
[SourceTitle "EXT 2024"]
[Source "ChessBase"]
[SourceDate "2023.10.10"]
[SourceVersion "1"]
[SourceVersionDate "2023.10.10"]
[SourceQuality "1"]

1. e4 e5 2. Nc3 Nc6 3. Bc4 Bc5 4. Qg4 Qf6 5. Nd5 Qxf2+ 6. Kd1 Kf8 7. Nh3 h5 8. Qg5 f6 9. Nxf6 Qd4 10. Bxg8 Be7 11. Qg6 Nd8 12. Qe8# 1-0

[Event "Hamar op A"]
[Site "Hamar"]
[Date "2018.12.06"]
[Round "7"]
[White "Brobakken, Vidar"]
[Black "Madagov, Lom"]
[Result "0-1"]
[WhiteElo "1354"]
[BlackElo "2052"]
[PlyCount "138"]
[EventDate "2018.09.06"]
[EventType "swiss"]
[EventRounds "7"]
[EventCountry "NOR"]
[SourceTitle "EXT 2024"]
[Source "ChessBase"]
[SourceDate "2023.10.10"]
[SourceVersion "1"]
[SourceVersionDate "2023.10.10"]
[SourceQuality "1"]

1. e4 c5 2. Nf3 d6 3. d4 cxd4 4. Nxd4 Nf6 5. Nc3 g6 6. Be2 Bg7 7. 0-0 0-0 8. Be3 Nc6 9. Qd2 Bd7 10. Rad1 Ng4 11. Nxc6 bxc6 12. Bxg4 Bxg4 13. f3 Be6 14. a3 Qa5 15. Bd4 Bxd4+ 16. Qxd4 Rab8 17. Rb1 Rb7 18. a4 Rb4 19. Qe3 Rfb8 20. b3 c5 21. Nd5 Bxd5 22. exd5 R8b7 23. Rfd1 c4 24. Kf2 cxb3 25. cxb3 Qb6 26. Qxb6 R7xb6 27. Rd3 Rxa4 28. Re1 Ra2+ 29. Re2 Rxe2+ 30. Kxe2 Kg7 31. Ke3 Rb5 32. Kd4 a5 33. g3 Kf6 34. h4 h5 35. f4 a4 36. bxa4 Rb4+ 37. Ke3 Rxa4 38. Kf3 Ra5 39. Ke4 Ra4+ 40. Kf3 Kf5 41. Re3 Rd4 42. Rxe7 f6 43. Re3 Rxd5 44. Rb3 Rd1 45. Ra3 Re1 46. Ra5+ Ke6 47. Kf2 Re4 48. Kf3 f5 49. Ra6 Kd5 50. Ra5+ Kc6 51. Ra6+ Kc5 52. Ra5+ Kb6 53. Rd5 Kc6 54. Ra5 Re6 55. Kf2 d5 56. Ra6+ Kd7 57. Rxe6 Kxe6 58. Ke3 Kd7 59. Kd3 Kc6 60. Kd4 Kd6 61. Kd3 Kc5 62. Kc3 d4+ 63. Kd3 Kd5 64. Kd2 Kc4 65. Kc2 d3+ 66. Kd2 Kd4 67. Kd1 Ke3 68. Ke1 d2+ 69. Kd1 Kd3 0-1

[Event "Hamar op A"]
[Site "Hamar"]
[Date "2017.12.07"]
[Round "7"]
[White "Holm, Ragnar"]
[Black "Madagov, Lom"]
[Result "1/2-1/2"]
[WhiteElo "2111"]
[BlackElo "2026"]
[PlyCount "41"]
[EventDate "2017.09.07"]
[EventType "swiss"]
[EventRounds "7"]
[EventCountry "NOR"]
[SourceTitle "EXT 2024"]
[Source "ChessBase"]
[SourceDate "2023.10.10"]
[SourceVersion "1"]
[SourceVersionDate "2023.10.10"]
[SourceQuality "1"]

1. d4 Nf6 2. Bg5 c5 3. d5 Ne4 4. Bf4 Qb6 5. Bc1 g6 6. f3 Nd6 7. e4 Bg7 8. c3 f5 9. exf5 Nxf5 10. Na3 Qf6 11. Nh3 0-0 12. Bg5 Qe5+ 13. Be2 Ne3 14. Bxe3 Qxe3 15. Nc2 Qh6 16. d6 Qh4+ 17. Nf2 e6 18. g3 Qd8 19. f4 Nc6 20. Ne3 b6 21. 0-0 1/2-1/2

[Event "Hamar op A"]
[Site "Hamar"]
[Date "2017.09.21"]
[Round "2"]
[White "Madagov, Lom"]
[Black "Opseth, Oliver"]
[Result "1/2-1/2"]
[WhiteElo "2026"]
[BlackElo "1661"]
[PlyCount "96"]
[EventDate "2017.09.07"]
[EventType "swiss"]
[EventRounds "7"]
[EventCountry "NOR"]
[SourceTitle "EXT 2024"]
[Source "ChessBase"]
[SourceDate "2023.10.10"]
[SourceVersion "1"]
[SourceVersionDate "2023.10.10"]
[SourceQuality "1"]

1. e4 e5 2. Nf3 Nc6 3. d4 exd4 4. Bc4 Nf6 5. e5 d5 6. Bb5 Ne4 7. Nxd4 Bd7 8. Bxc6 bxc6 9. 0-0 Bc5 10. f3 Ng5 11. f4 Ne6 12. Be3 0-0 13. f5 Nxd4 14. Bxd4 Bxd4+ 15. Qxd4 Qg5 16. Qd2 Qe7 17. f6 Qxe5 18. Nc3 gxf6 19. Rae1 Qg5 20. Re3 Kh8 21. Qd4 Rg8 22. Rg3 Qe5 23. Qxe5 fxe5 24. Rxf7 Rxg3 25. hxg3 Rd8 26. Na4 Kg8 27. Re7 Bf5 28. Rxe5 Bxc2 29. Nc5 d4 30. Re2 d3 31. Rd2 Rd5 32. b4 a5 33. a3 Rd4 34. Kf2 axb4 35. axb4 Rxb4 36. Nxd3 Bxd3 37. Rxd3 Rb8 38. Rd7 Rc8 39. Ke3 c5 40. Kd3 Kh8 41. g4 Rg8 42. Rxc7 Rxg4 43. Rxc5 Rxg2 44. Rc7 h5 45. Ke3 h4 46. Rc4 Rh2 47. Kf3 Kg7 48. Kg4 Kg6 1/2-1/2